| 000 | 00577nam a22001817a 4500 | ||
|---|---|---|---|
| 999 |
_c184277 _d184277 |
||
| 005 | 20220311172221.0 | ||
| 010 | _aENG-131179 | ||
| 020 |
_a978-93-5350-231-7 _c340.00 |
||
| 035 | _aEN-114711 | ||
| 037 | _bDBAD | ||
| 082 | _a616.0754 | ||
| 100 | _aBirchfield, Stan | ||
| 245 |
_aImage Processing and Analysis/ _cStan Birchfield |
||
| 260 |
_aDelhi _bCengage Learning India Private Limited _c2019 |
||
| 270 |
_bDelhi _aT-303, 3rd Floor, DAV Complex, Plot 3, Mayur Vihar Phase 1 _e110091 |
||
| 300 |
_a736p. _c25cm(pbk) |
||
| 942 |
_2ddc _cEN _h616.0754 _mBIR |
||